| 000 | 00538nam a2200169 i 4500 | ||
|---|---|---|---|
| 001 | 77560 | ||
| 003 | ES-MaACL | ||
| 005 | 20230906173256.0 | ||
| 007 | t| | ||
| 008 | 041021q1956 sp ||||1| spa d | ||
| 100 | 1 |
_aAoiz, Damián de. _922028 |
|
| 245 | 1 | 0 |
_aRosa viva _b: romancero franciscano / _cR.P. Damián de Aoiz ; [siluetas de J.M. de Valencia]. |
| 260 |
_aPamplona : _bVerdad y Caridad, _c1956 ( _fImp. de Capuchinos) |
||
| 300 |
_a168 p. ; _c15 cm. |
||
| 700 | 1 |
_aValencia, J. M. _9112566 |
|
| 852 |
_aES-MaACL _jC-14020 _bR.40398 |
||
| 999 |
_c77560 _d77560 |
||